000
00307nam a2200121Ia 4500
008
140130s9999 xx 000 0 und d
245
_c
Micucci, Charles
_a
The life and the times of the peanut
260
_b
Scholastic,
_c
1997
440
_v
1
521
_a
Grade 5 - Grade 8
942
_c
BK
999
_c
41326
_d
41326